000 00577nam a22001817a 4500
005 20251108165247.0
008 250721s1984 xx 000 0 ara d
082 1 4 _a956.05/محم
100 1 _aقجه، محمد
245 1 0 _aمعركة العقاب :
_bبداية إنهيار الأندلس /
264 1 _aاللأذقية :
_bدار الحوار،
_c1984.
300 _a75ص
490 0 _aالمكتبة التاريخية للفتيان و الفتيات
650 1 7 _aتاريخ الأندلس
650 1 7 _aالموحدون
942 _2ddc
_cBK
999 _c23482
_d23482